000 004090000a22001690004500
003 MACL
005 20151229181501.0
008 151229b xxu||||| |||| 00| 0 eng d
040 _aMACL
_cMACL
041 _aEnglish
082 _a220/CRU
100 _aCruden, Alexander
_924508
245 _aA Concordance
260 _bGeorge Routledge & Sons Ltd
650 _aReligion
_924510
942 _cBK
_k220/CRU
_2ddc
999 _c36968
_d36968